Normal view
MARC view
Entry Personal Name
001 - CONTROL NUMBER
- control field: 28519
003 - CONTROL NUMBER IDENTIFIER
- control field: OSt
005 - DATE AND TIME OF LATEST TRANSACTION
- control field: 20211101105504.0
008 - FIXED-LENGTH DATA ELEMENTS
- fixed length control field: 211101|| aca||aabn | a|a d
040 ## - CATALOGING SOURCE
- Original cataloging agency: OSt
- Transcribing agency: OSt
100 ## - HEADING--PERSONAL NAME
- Personal name: Dutta, Swati and Mehta, Balwant Singh
670 ## - SOURCE DATA FOUND
- Source citation: Work cat.: (OSt)518098: Dutta, Swati and Mehta, Balwant Singh , Banking the unbanked: The performance and impact of Pradhan Mantri Jan Dhan Yojana (PMJDY) schemes on poor households in Bihar
